Integrated Petroleum Reservoir Management : (Record no. 15535)

MARC details
000 -LEADER
fixed length control field 01167cam a2200289 a 4500
001 - CONTROL NUMBER
control field 2998742
005 - DATE AND TIME OF LATEST TRANSACTION
control field 19950815091651.4
008 - FIXED-LENGTH DATA ELEMENTS--GENERAL INFORMATION
fixed length control field 931105s1994 okua b 001 0 eng
010 ## - LIBRARY OF CONGRESS CONTROL NUMBER
LC control number 93044927
020 ## - INTERNATIONAL STANDARD BOOK NUMBER
International Standard Book Number 0878144080
020 ## - INTERNATIONAL STANDARD BOOK NUMBER
International Standard Book Number 9780878144082
040 ## - CATALOGING SOURCE
Original cataloging agency DLC
Transcribing agency DLC
Modifying agency DLC
050 00 - LIBRARY OF CONGRESS CALL NUMBER
Classification number TN870
Item number .S283 1994
082 00 - DEWEY DECIMAL CLASSIFICATION NUMBER
Classification number 622.3382068
Edition number 22
Item number SAT
100 1# - MAIN ENTRY--PERSONAL NAME
Personal name Satter, Abdus.
9 (RLIN) 24633
245 10 - TITLE STATEMENT
Title Integrated Petroleum Reservoir Management :
Remainder of title A Team Approach /
Statement of responsibility, etc Abdus Satter, Ganesh C. Thakur.
260 ## - PUBLICATION, DISTRIBUTION, ETC. (IMPRINT)
Place of publication, distribution, etc Tulsa, Okla :
Name of publisher, distributor, etc PennWell Books, 1994
Date of publication, distribution, etc c1994.
300 ## - PHYSICAL DESCRIPTION
Extent xi, 335 p. :
Other physical details ill. ;
Dimensions 24 cm.
504 ## - BIBLIOGRAPHY, ETC. NOTE
Bibliography, etc Includes bibliographical references (p. 321-328) and index.
650 #0 - SUBJECT ADDED ENTRY--TOPICAL TERM
Topical term or geographic name as entry element Oil fields
General subdivision Production methods.
9 (RLIN) 24634
650 #0 - SUBJECT ADDED ENTRY--TOPICAL TERM
Topical term or geographic name as entry element Petroleum industry and trade
General subdivision Management.
9 (RLIN) 24635
653 ## - INDEX TERM--UNCONTROLLED
Resource For college
Arrived date list June2011
700 1# - ADDED ENTRY--PERSONAL NAME
Personal name Thakur, Ganesh C.
9 (RLIN) 24636
942 ## - ADDED ENTRY ELEMENTS (KOHA)
Source of classification or shelving scheme Dewey Decimal Classification
Item type Book - Borrowing
Holdings
Withdrawn status Item status Source of classification or shelving scheme Damaged status Not for loan Vendor Home library Current library Shelving location Date acquired Source of acquisition Cost, normal purchase price Serial Enumeration / chronology Total Checkouts Total Renewals Full call number Barcode Date last seen Date last borrowed Koha item type
    Dewey Decimal Classification     Baccah Central Library Central Library First floor 05/06/2011   950.00 12336 6 13 622.3382068 SAT 000024051 15/07/2025 09/02/2019 Book - Borrowing